|
|
|
|
| LEADER |
00000nam a2200000 i 4500 |
| 001 |
1/82021 |
| 008 |
970305s1990 gre d |
| 035 |
|
|
|a 1992
|b 3
|c Δωρεά
|l 10033838
|
| 040 |
|
|
|a GR-MY-UA
|b gre
|e aacr
|
| 041 |
0 |
|
|a gre
|
| 082 |
0 |
|
|a 889.092
|
| 100 |
1 |
|
|a Κιτρομηλίδης, Γιώργος.
|
| 245 |
1 |
0 |
|a Μορφές της κυπριακής παιδικής λογοτεχνίας /
|c Γιώργος Κιτρομηλίδης
|
| 260 |
|
|
|a [Λευκωσία] :
|b [χ.ό.],
|c [1990]
|
| 300 |
|
|
|a 169 σ.
|
| 650 |
0 |
0 |
|a Children's literature, Greek (Modern)
|z Cyprus.
|
| 650 |
0 |
0 |
|a Litterateurs
|z Cyprus
|x History and criticism.
|
| 852 |
|
|
|a INST
|b RHODES
|e 19970305
|h 889.092 ΚΙΤ
|p 005400010604
|q 005400010604
|t BK
|y 0
|
| 909 |
|
|
|a Ρ
|b 022258
|c 1992
|
| 922 |
|
|
|a 4ΔΩΡ
|b 199210
|
| 970 |
|
|
|z 2000/06/ΟΙΚΟΝΟΜΟΠΟΥΛΟΥ (SUBJECT)
|